000 00510nam a2200133Ia 4500
008 100328s9999 xx 000 0 und d
082 _b11801
100 _aपाटगावकर चंद्रकांत
245 _aप्रकाशयात्री जयप्रकाश
260 _bअजब पुस्तकालय
630 _aप्रकाशयात्री जयप्रकाश
730 _aप्रकाशयात्री जयप्रकाश
942 _cBOOK
999 _c507111
_d507108